000 00468nam a2200181Ia 4500
001 21413
005 20260306172917.0
008 260306t2025||||xx |||||||||||||| ||spa||
041 _aESP
082 _a344.83
_bU79
100 _aUrquizo Olaechea, José,
_eAUT
245 0 _aProblemas actuales de dogmática penal y derecho penal económico
260 _c2025
300 _a767 páginas :
_c25 cm.
650 _aGEN
654 _aCDE
942 _cLIB
_dJUS
_fJUS
_2ddc
_n
999 _c21413
_d21413